000 00558nam a2200217 a 4500
001 2497
003 CO-ViMGA
008 141112s2004 ck r 000 u spa d
020 _a8432983209
040 _aCO-ViMGA
_bspa
_cCO-ViMGA
082 0 4 _a745.4 W157
100 1 _aWalther, Karin
_951443
245 1 0 _aDecoremos las ventanas con papeles de colores
250 _a2a
260 _aBarcelona :
_bCeac,
_c1984
300 _a36 p : il
490 _aCómo hacerlo, 20
650 1 4 _aDECORACION
650 1 4 _aVENTANAS - DECORACION
_951444
942 _2ddc
_cBK
999 _c14576
_d14576